Industrial Policy in the Transport Aircraft Industry

Saved in:
Bibliographic Details
Main Author: Klepper, Gernot
Format: Book
Language:English
Published: Kiel Institut für Weltwirtschaft 1989
Series:Working Paper No. 399
Tags: Add Tag
No Tags, Be the first to tag this record!

MARC

LEADER 00000nam a2200000 4500
001 c026919
005 20250526082123.2
041 0 |a eng 
044 |a DE 
245 1 0 |a Industrial Policy in the Transport Aircraft Industry  |c Gernot Klepper 
264 1 |a Kiel  |b Institut für Weltwirtschaft  |c 1989 
300 |a 37 s. 
490 1 |a Working Paper  |v No. 399 
830 0 |a Working Paper  |v No. 399 
100 1 |a Klepper, Gernot